[Event "Voronezh op 16th"]
[Site "Voronezh"]
[Date "2012.06.21"]
[Round "9"]
[White "Onischuk, Vladimir"]
[Black "Fedoseev, Vladimir"]
[Result "1-0"]
[WhiteElo "2516"]
[BlackElo "2546"]
[PlyCount "161"]
[EventDate "2012.06.12"]
[EventType "swiss"]
[EventRounds "9"]
[EventCountry "RUS"]
[SourceTitle "CBM 149 Extra"]
[Source "ChessBase"]
[SourceDate "2012.08.24"]
[SourceVersion "1"]
[SourceVersionDate "2012.08.24"]
[SourceQuality "1"]

1. Nf3 d5 2. g3 Bg4 3. Bg2 c6 4. h3 Bh5 5. b3 ({RR} 5. d3 e6 6. Nbd2 Bd6 7. b3 Ne7 8. Bb2 O-O 9. O-O Nd7 10. e4 c5 11. Re1 Rc8 12. Qc1 b5 13. Nh4 f6 14. exd5 exd5 15. c4 Ne5 16. Qc2 bxc4 17. bxc4 Bf7 18. Rab1 Qd7 19. Nhf3 N5c6 {Karjakin,S (2771)-Meier,G (2632) Dubai 2014 0-1 (40)}) ({RR} 5. d4 Nd7 6. c4 e6 7. cxd5 exd5 8. Nc3 Ngf6 9. Ne5 Nxe5 10. dxe5 Nd7 11. O-O Be7 12. f4 f5 13. Be3 Bc5 14. Bf2 Rc8 15. Na4 Bxf2+ 16. Rxf2 b5 17. Nc3 Nc5 18. Qd4 Qb6 19. Rc1 O-O {Keymer,V (2730)-Lodici,L (2556) Baden Baden GER 2025 ½-½ (62)}) 5... e6 6. Bb2 Nf6 7. d3 Qa5+ $146 ({RR} 7... a5 8. a3 Be7 9. Nbd2 O-O 10. g4 Bg6 11. h4 h5 12. g5 Ng4 13. e3 Qb6 14. Qe2 a4 15. O-O axb3 16. Nxb3 Ra4 17. Rfb1 Nd7 18. Nfd2 Rfa8 19. Bd4 Qc7 20. Nf1 Rxa3 21. Rxa3 Rxa3 22. Bb2 {Van Foreest,J (2702)-Zhigalko,S (2572) Chess.com INT 2022 1-0 (48)}) ({RR} 7... a5 8. a3 Be7 9. Nbd2 O-O 10. g4 Bg6 11. h4 h5 12. g5 Ng4 13. e3 Qb6 14. Qe2 a4 15. O-O axb3 16. Nxb3 Ra4 17. Rfb1 Nd7 18. Nfd2 Rfa8 19. Bd4 Qc7 20. Nf1 Rxa3 21. Rxa3 Rxa3 22. Bb2 {Van Foreest,J (2702)-Zhigalko,S (2572) Chess.com INT 2022 1-0 (48)}) 8. Nfd2 Nbd7 9. O-O e5 10. Qe1 Be7 11. e4 O-O 12. a3 Rfe8 13. Nc3 Rac8 14. Kh1 Qc7 15. f4 exf4 16. gxf4 dxe4 17. dxe4 Nb6 18. e5 Nfd5 19. Nce4 Qd8 20. Qf2 f5 21. exf6 Nxf6 22. Qg3 Nbd7 23. Rae1 Bf8 24. f5 Bf7 25. Bf3 Bd5 26. Ng5 Qc7 27. Qh4 Rxe1 28. Rxe1 Qa5 29. Nde4 Bxe4 30. Bxe4 Bd6 31. b4 Qb5 32. Bd3 Qd5+ 33. Kg1 b5 34. Ne6 Re8 35. Qg5 Re7 36. Qg2 c5 37. Qxd5 Nxd5 38. Bxb5 cxb4 39. axb4 Bxb4 40. Rd1 N5b6 41. Bxg7 a6 42. Bxd7 Nxd7 43. Kg2 Kf7 44. Bb2 Nf8 45. Ng5+ Ke8 46. Rd4 Rb7 47. f6 Bc5 48. Re4+ Kd8 49. Bc3 Rb1 50. Re5 Bb6 51. f7 Kd7 52. Nf3 Ng6 53. Rf5 Ke7 54. Bg7 Rc1 55. f8=Q+ Nxf8 56. Rxf8 Rxc2+ 57. Kh1 Rc1+ 58. Kg2 Rc2+ 59. Kg3 Bc7+ 60. Kh4 Rg2 61. Ng5 a5 62. Rf7+ Kd6 63. Be5+ Kxe5 64. Rxc7 a4 65. Ra7 Ra2 66. Nxh7 Kd4 67. Ng5 a3 68. Nf3+ Ke4 69. Kg3 Ra1 70. h4 a2 71. Kg2 Kf5 72. h5 Rb1 73. Rxa2 Kg4 74. h6 Rb7 75. Ra4+ Kf5 76. Rh4 Rh7 77. Kg3 Rh8 78. Rh1 Rg8+ 79. Kh4 Kf6 80. Kh5 Rg3 81. Rf1 1-0

[Event "RUS-ch Higher League 65th"]
[Site "Tiumen"]
[Date "2012.06.23"]
[Round "7"]
[White "Vitiugov, Nikita"]
[Black "Frolyanov, Dmitry"]
[Result "1-0"]
[WhiteElo "2703"]
[BlackElo "2564"]
[PlyCount "59"]
[EventDate "2012.06.16"]
[EventType "swiss"]
[EventRounds "11"]
[EventCountry "RUS"]
[SourceTitle "CBM 149"]
[Source "ChessBase"]
[SourceDate "2012.07.17"]
[SourceVersion "1"]
[SourceVersionDate "2012.07.17"]
[SourceQuality "1"]

1. Nf3 d5 2. g3 c6 3. Bg2 Bg4 4. d3 Nd7 5. O-O Ngf6 6. Qe1 e6 7. Nbd2 Bd6 8. h3 Bh5 9. e4 Qc7 10. b3 O-O 11. Bb2 e5 12. Nh4 Rfe8 13. Nf5 Bc5 14. Kh1 a5 15. a3 Rad8 16. f4 dxe4 17. Nxe4 $146 ({RR} 17. dxe4 Bg6 18. Nh4 exf4 19. gxf4 Nd5 20. Nxg6 hxg6 21. Nc4 b5 22. Ne5 Nxe5 23. exd5 Nf3 24. Qc3 Bd4 25. Qxf3 Bxb2 26. Ra2 Bf6 27. c4 cxd5 28. cxb5 Qc5 29. a4 Re3 30. Qd1 Rde8 31. Rc2 Bc3 {Stamenkov,V (2400)-Mastrovasilis,D (2568) Thessaloniki 2004 0-1 (39)}) ({RR} 17. dxe4 Bg6 18. Nh4 exf4 19. gxf4 Nh5 20. Nxg6 hxg6 21. e5 g5 22. Ne4 gxf4 23. Qh4 Ng3+ 24. Nxg3 fxg3 25. Rxf7 Kxf7 26. Rf1+ Bf2 27. Qf4+ Kg8 28. Qc4+ Kf8 29. Qh4 Nxe5 30. Qxg3 Kg8 31. Rxf2 Qe7 {Benkovic,P (2385)-Ozkan,T (2295) Ayvalik 2022 0-1 (38)}) 17... Nxe4 18. dxe4 Bg6 19. Nh4 exf4 20. gxf4 Nf8 21. Qe2 Qe7 22. Qg4 f6 23. f5 Bf7 24. e5 h5 25. Qe2 fxe5 26. f6 gxf6 27. Be4 Qd7 28. Qg2+ Kh8 29. Rxf6 Re6 30. Rh6+ 1-0

[Event "ARG-ch 86th"]
[Site "La Plata"]
[Date "2012.07.12"]
[Round "11"]
[White "Mareco, Sandro"]
[Black "Felgaer, Ruben Alejandro"]
[Result "1-0"]
[WhiteElo "2586"]
[BlackElo "2580"]
[PlyCount "71"]
[EventDate "2012.07.04"]
[EventType "swiss"]
[EventRounds "11"]
[EventCountry "ARG"]
[SourceTitle "CBM 149 Extra"]
[Source "ChessBase"]
[SourceDate "2012.08.24"]
[SourceVersion "1"]
[SourceVersionDate "2012.08.24"]
[SourceQuality "1"]

1. Nf3 {ChessBase} d5 2. c4 d4 3. g3 Nc6 4. Bg2 e5 5. d3 Nf6 6. O-O Nd7 7. e4 ({RR} 7. e3 Be7 8. exd4 exd4 9. Nbd2 Nc5 10. Nb3 Ne6 11. Re1 O-O 12. Ne5 Nxe5 13. Rxe5 Bf6 14. Re1 a5 15. Bd2 c6 ({RR} 15... a4 16. Na5 c6 17. b4 axb3 18. axb3 Nc5) 16. a4 Ra7 ({RR} 16... c5 17. Bd5 Qb6) 17. c5 Bd7 18. Qc2 {½-½ (18) Anand,V (2803)-Vallejo Pons,F (2684) Leon 2008 CBM 124 Extra [ChessBase]}) ({RR} 7. e3 Be7 8. exd4 exd4 9. Na3 Nc5 10. Nc2 a5 11. Re1 O-O 12. Bf4 Bf6 13. Ne5 Nxe5 14. Bxe5 Bf5 15. Nxd4 Bxd3 16. Bxb7 Bxe5 17. Nc6 Qf6 18. Nxe5 Rad8 19. Qf3 Nxb7 20. Qxb7 Bf5 21. Qxc7 Rd2 {Ramirez Alvarez,A (2562)-Cardoso Cardoso,J (2447) Mexico City 2021 1-0}) 7... Be7 8. Ne1 h5 9. Na3 $146 ({RR} 9. f4 h4 10. Nf3 hxg3 11. hxg3 exf4 12. Bxf4 g5 13. Bc1 Nde5 14. a3 Nxf3+ 15. Bxf3 Qd6 16. Qe1 Ne5 17. Qe2 Nxd3 18. e5 Nxe5 19. Nd2 d3 20. Qe3 Qh6 21. Kf2 Qh2+ 22. Ke1 Qxg3+ 23. Kd1 Bg4 {Minaya Molano,J (2196)-Recuero Guerra,D (2425) Pamplona 2008 0-1}) 9... h4 10. Nac2 a5 11. Rb1 Nc5 12. b3 hxg3 13. fxg3 Be6 14. Bd2 Bg5 15. a3 b6 16. Nf3 Bf6 17. Qe2 g5 18. b4 Nd7 19. b5 Na7 20. h3 Qe7 21. g4 Rd8 22. Rf2 Rg8 23. Nh2 Qf8 24. Nf1 Be7 25. Ng3 Bxa3 26. Nf5 Rg6 27. Rbf1 Bc5 28. h4 gxh4 29. Bh3 Be7 30. Kh2 Nc5 31. Ne1 Qh8 32. Nf3 Nc8 33. g5 Nd6 34. Rg2 Nb3 35. Be1 Kd7 36. Rg4 1-0

[Event "TUR-chT"]
[Site "Konya"]
[Date "2012.07.16"]
[Round "7"]
[White "Galkin, Alexander"]
[Black "Yilmaz, Mustafa"]
[Result "1-0"]
[WhiteElo "2615"]
[BlackElo "2543"]
[PlyCount "59"]
[EventDate "2012.07.11"]
[EventType "team-tourn"]
[EventRounds "13"]
[EventCountry "TUR"]
[SourceTitle "CBM 149 Extra"]
[Source "ChessBase"]
[SourceDate "2012.08.24"]
[SourceVersion "1"]
[SourceVersionDate "2012.08.24"]
[SourceQuality "1"]
[WhiteTeam "Denizli Pamukkale Uni"]
[BlackTeam "Istanbul Teknik Uni"]
[WhiteTeamCountry "TUR"]
[BlackTeamCountry "TUR"]

1. g3 d5 2. Nf3 Bg4 3. Bg2 Nd7 4. c4 e6 5. cxd5 exd5 6. d4 ({RR} 6. Qb3 Nc5 7. Qc2 Nf6 8. O-O Bd6 9. d3 O-O 10. h3 Bxf3 11. Bxf3 Ne6 12. e3 Qd7 13. Bg2 Rac8 14. Nd2 c5 15. b3 Qc7 16. Nf3 b5 17. Bb2 Nd7 18. Nh4 Nb6 19. Nf5 Rfd8 20. Qe2 Bf8 {Grischuk,A (2752)-Wang,H (2736) Beijing 2011 1-0}) 6... Bd6 $146 ({RR} 6... Ngf6 7. Nc3 c6 8. h3 Bh5 9. Qb3 Qb6 10. O-O Bd6 11. Qd1 O-O 12. g4 Bg6 13. Nh4 Rfe8 14. Nxg6 hxg6 15. Qd3 Nf8 16. f4 Rad8 17. e3 Bb8 18. g5 N6d7 19. b4 Qxb4 20. Rb1 Qe7 21. Rxb7 {Potapov,A (2316)-Arzumanian,G (2504) Kharkov 2009 1-0 (61)}) ({RR} 6... Ngf6 7. Nc3 c6 8. O-O Be7 9. Bf4 O-O 10. a3 Re8 11. b4 Nb6 12. Ne5 Bf5 13. b5 c5 14. dxc5 Bxc5 15. Nd3 Be7 16. a4 Rc8 17. Qb3 Be6 18. Nd1 Nc4 19. N1b2 Na5 20. Qd1 Ne4 21. Be5 {Badacsonyi,F (1789)-Merriman,J (2206) London 2022 1-0 (98)}) ({RR} 6... c6 7. Nc3 Ngf6 8. h3 Bxf3 9. Bxf3 Bd6 10. Bf4 Bxf4 11. gxf4 O-O 12. e3 Re8 13. Qc2 Qe7 14. O-O-O Ne4 15. Nxe4 dxe4 16. Be2 c5 17. Kb1 Rac8 18. d5 Qd6 19. Rhg1 a6 20. h4 b5 21. h5 {Kaiser,W (2315)-Reilein,C (2250) Bayern 2002 1-0 (39)}) 7. Qb3 Nb6 8. Nc3 c6 9. O-O Nf6 10. a4 Rb8 11. Ne5 Be6 12. f4 Qc8 13. a5 Na8 14. f5 Bxf5 15. e4 Bxe5 16. dxe5 Nxe4 17. Bxe4 dxe4 18. Be3 c5 19. Rxf5 Qxf5 20. Bxc5 Qe6 21. Qb4 Nc7 22. Bd6 Na6 23. Qxe4 f5 24. Qf3 Kf7 25. Ne2 Rhe8 26. Nd4 Qc4 27. Nxf5 Kg8 28. Rf1 Qe6 29. Bxb8 Rxb8 30. Qg4 1-0

[Event "Vienna Husek op-A"]
[Site "Vienna"]
[Date "2012.08.18"]
[Round "6"]
[White "Ragger, Markus"]
[Black "Buhmann, Rainer"]
[Result "1-0"]
[WhiteElo "2670"]
[BlackElo "2571"]
[PlyCount "117"]
[EventDate "2012.08.13"]
[EventType "swiss"]
[EventRounds "7"]
[EventCountry "AUT"]
[SourceTitle "CBM 149 Extra"]
[Source "ChessBase"]
[SourceDate "2012.08.24"]
[SourceVersion "1"]
[SourceVersionDate "2012.08.24"]
[SourceQuality "1"]

1. Nf3 e6 2. g3 b5 3. Bg2 Bb7 4. O-O Nf6 5. c3 Be7 6. Qb3 ({RR} 6. a4 b4 7. c4 c5 8. d4 cxd4 9. Nbd2 Qc7 10. Nxd4 Bxg2 11. Kxg2 O-O 12. b3 Nc6 13. Bb2 Nxd4 14. Bxd4 Qb7+ 15. Kg1 Rfd8 16. e3 Ne8 17. Qf3 Qxf3 18. Nxf3 Bf6 19. Rfd1 Kf8 20. e4 Bxd4 {Mirzoev,A (2516)-Luther,T (2551) Pontevedra 2002 1-0 (63)}) ({RR} 6. a4 a6 7. d3 O-O 8. e4 d5 9. e5 Nfd7 10. d4 c5 11. Nbd2 Nc6 12. Re1 Qb6 13. Nf1 b4 14. Be3 a5 15. h4 Ba6 16. N1h2 Rab8 17. Ng5 bxc3 18. bxc3 cxd4 19. cxd4 Bxg5 20. hxg5 Qb3 {Stachanczyk,J (2076)-Cordeiro,M (2081) chess.com INT 2024 1-0 (40)}) 6... a6 7. a4 O-O 8. d3 c6 $146 ({RR} 8... Bd5 9. Qc2 b4 10. c4 Bb7 11. Nbd2 a5 12. b3 d6 13. d4 Nbd7 14. Bb2 c5 15. e4 d5 16. exd5 exd5 17. Rad1 dxc4 18. Nxc4 cxd4 19. Bxd4 Qc7 20. Qb2 Bd5 21. Nfe5 Bxg2 22. Kxg2 Qb7+ 23. f3 {Fritsch,M (2036)-Boehle,R (2111) Offenbach 2005 1-0 (35)}) ({RR} 8... Bd5 9. Qc2 d6 10. e4 Bb7 11. Na3 c5 12. Bg5 Bc6 13. Bxf6 Bxf6 14. d4 Qb6 15. Rfd1 Qb7 16. d5 exd5 17. exd5 Bd7 18. Nb1 Bg4 19. Nbd2 Nd7 20. Ne4 Be7 21. Re1 Bxf3 22. Bxf3 f5 23. Nd2 {Sivuk,V (2431)-Gubanov,O (2376) Nikolaev 2009 1-0 (39)}) 9. e4 d5 10. exd5 Nxd5 11. d4 Qc7 12. Bg5 Bd6 13. Na3 bxa4 14. Qxa4 Nd7 15. Qd1 h6 16. Bd2 N5b6 17. c4 Bxa3 18. bxa3 Nxc4 19. Bf4 Qc8 20. Qb3 Ncb6 21. Rab1 c5 22. dxc5 Bd5 23. Qb4 Nc4 24. Rbc1 Qxc5 25. Qxc5 Nxc5 26. Rxc4 Bxc4 27. Rc1 Bd5 28. Rxc5 Rfc8 29. Ra5 f6 30. h4 Rc3 31. Be3 Bb7 32. Nd2 Bxg2 33. Kxg2 Kf7 34. Ra4 e5 35. Nc4 Rd8 36. Rb4 a5 37. Rb7+ Kg8 38. Nxa5 Ra8 39. Bd2 Rxa3 40. Nc6 Kh7 41. Be3 Rd3 42. h5 Rc8 43. Ne7 Rcd8 44. Nf5 R3d7 45. Rb6 Rf7 46. Kf3 Ra8 47. Rc6 Rd8 48. Ke4 Ra8 49. Nh4 Re8 50. Nf5 Ra8 51. Nd6 Re7 52. Kf5 Ra1 53. Rc8 Rh1 54. g4 Rd1 55. Ne4 Rb1 56. Bxh6 gxh6 57. Nxf6+ Kg7 58. g5 Reb7 59. g6 1-0

[Event "Isthmia op-A 2nd"]
[Site "Korinthos"]
[Date "2012.08.23"]
[Round "7"]
[White "Svetushkin, Dmitry"]
[Black "Sethuraman, SP."]
[Result "1-0"]
[WhiteElo "2569"]
[BlackElo "2546"]
[PlyCount "67"]
[EventDate "2012.08.18"]
[EventType "swiss"]
[EventRounds "9"]
[EventCountry "GRE"]
[SourceTitle "CBM 150 Extra"]
[Source "ChessBase"]
[SourceDate "2012.10.19"]
[SourceVersion "1"]
[SourceVersionDate "2012.10.19"]
[SourceQuality "1"]

1. e4 {Horn,Peter} c5 2. Nf3 e6 3. d3 Nc6 4. g3 g6 5. Bg2 Bg7 6. O-O Nge7 7. c3 O-O 8. Na3 d5 ({RR} 8... d6 9. d4 cxd4 10. cxd4 d5 11. e5 Nf5 12. Nc2 f6 13. g4 Nfxd4 14. Ncxd4 fxe5 15. Nb3 e4 16. Nfd2 Qh4 17. Nxe4 dxe4 18. Bxe4 Ne5 19. f3 Qh3 20. Qe2 a5 21. a4 Nxg4 22. Qg2 Qxg2+ 23. Kxg2 {Aird,I (1840)-Larkins,L (1998) Norfolk, VA USA 2024 0-1 (32)}) ({RR} 8... b6 9. Re1 e5 10. d4 cxd4 11. cxd4 exd4 12. Nb5 Ba6 13. Nfxd4 Nxd4 14. Nxd4 Nc6 15. Be3 Qe7 16. Qd2 Ne5 17. b3 Nd3 18. Red1 Rfe8 19. Bf1 Nc5 20. Bxa6 Nxa6 21. Rac1 Qxe4 22. Nb5 Qf3 23. b4 {Svetushkin,D (2557)-Hakobyan,A (2157) Paleochora 2014 1-0 (34)}) 9. Re1 ({RR} 9. Qe2 b6 10. e5 Ba6 11. Nc2 b5 12. d4 Qb6 13. b4 cxd4 14. cxd4 Bb7 15. Bf4 a5 16. a3 axb4 17. axb4 Ra4 18. Qd2 Rfa8 19. h4 Rxa1 20. Rxa1 Rxa1+ 21. Nxa1 Qa7 22. Nb3 Qa3 23. Nc5 Bc8 {Bologan,V (2640)-Vitiugov,N (2726) Doha 2016 0-1 (52)}) 9... Rb8 10. e5 $146 ({RR} 10. Nc2 e5 11. exd5 Nxd5 12. d4 cxd4 13. cxd4 Bg4 14. h3 Bxf3 15. Qxf3 Nb6 16. d5 Ne7 17. Rd1 Qd6 18. Qb3 Rfd8 19. Ne3 {1-0 (19) Lacau Rodean,L (2104)-Huang,R (1801) Kitchener 2006}) ({RR} 10. exd5 Nxd5 11. Nc2 ({RR} 11. Nc4 b5 12. Nce5 ({RR} 12. Ne3) 12... Nxe5 13. Nxe5 Bb7) 11... b5 ({RR} 11... e5 12. d4) 12. d4 cxd4 13. Ncxd4 Nxd4 14. Nxd4 Rb6 15. a4 bxa4 ({RR} 15... b4 16. c4) ({RR} 15... a6 16. axb5 axb5 17. Ra7) 16. Rxa4 a6 17. Qe2 ({RR} 17. c4 Nf4 18. Bxf4 Bxd4) 17... Bb7 18. Ra3 Qa8 19. Nf3 Rc8 20. Rd1 a5 21. Ne1 Bc6 ({RR} 21... Qa6) 22. c4 Nb4 23. Be3 Rb7 ({RR} 23... Ra6) 24. Rda1 Bxg2 {Damljanovic,B (2561)-Todorovic,G (2485) Herceg Novi 2001 CBM 083 [Horn,Peter] 1-0 (43)}) 10... b5 11. Nc2 b4 12. cxb4 Nxb4 13. Nxb4 Rxb4 14. b3 f6 15. Ba3 Rb5 16. Rc1 Qa5 17. Nd4 Qxa3 18. Nxb5 Qb4 19. Nc3 fxe5 20. Na4 e4 21. dxe4 Bd4 22. Rc2 Bd7 23. a3 Qa5 24. exd5 Bxa4 25. bxa4 Nxd5 26. Rxe6 Nf6 27. Rc4 Qd8 28. Qe2 Nd5 29. Rxd4 cxd4 30. Qc4 Rf5 31. Be4 Rh5 32. Bxd5 Qxd5 33. Qc8+ Kg7 34. Re7+ 1-0

[Event "Olympiad-40"]
[Site "Istanbul"]
[Date "2012.09.04"]
[Round "7.1"]
[White "Nakamura, Hikaru"]
[Black "Solak, Dragan"]
[Result "1-0"]
[WhiteElo "2778"]
[BlackElo "2599"]
[Annotator "Erenburg,Sergey"]
[PlyCount "61"]
[EventDate "2012.08.28"]
[EventType "team-swiss"]
[EventRounds "11"]
[EventCountry "TUR"]
[SourceTitle "CBM 151"]
[Source "ChessBase"]
[SourceDate "2012.11.13"]
[SourceVersion "1"]
[SourceVersionDate "2012.11.13"]
[SourceQuality "1"]
[WhiteTeam "US of America"]
[BlackTeam "Turkey"]
[WhiteTeamCountry "USA"]
[BlackTeamCountry "TUR"]

1. g3 d5 2. Nf3 Nf6 3. Bg2 c6 4. d3 Bf5 5. O-O e6 6. Nh4 {Nakamura is not trying to win the game from the opening, but rather is looking for a long struggle in which he has the bishop pair.} Bg6 {This one is more solid than} (6... Bg4 {, which has not neen played very often by strong grandmasters.} 7. h3 Bh5 8. Nd2 Be7 9. Qe1 Nfd7 10. f4 Bxh4 11. gxh4 O-O 12. e4 Re8 13. Qg3 f5 $13 {½-½ Kalinitschew,S (2489)-Potkin,V (2612)/Germany 2007/CBM 123}) 7. Nxg6 {Sometimes White waits with the capture of Black's bishop, but usually it does not take long to take it eventually, as after White advances his e-pawn, Black has the resource of playing ...h5.} (7. Nd2 Be7 8. Nxg6 (8. e4 Bh5) 8... hxg6 9. e4 a5 10. c3 (10. Qe2 $5) 10... Nbd7 11. Qe2 dxe4 12. Nxe4 Nxe4 13. dxe4 Qc7 14. Rd1 O-O 15. Bf4 e5 16. Be3 a4 17. h4 Nf6 18. Bf3 Rfd8 {In this kind of position, almost every piece of software gives White a slight advantage due to his bishop pair. However, Black's position is solid enough to hold it and have counter-chances.} 19. Kg2 Rxd1 20. Rxd1 Rd8 21. Rxd8+ Bxd8 22. Qd3 $14 {/=. 0-1 Ehlvest,J (2600)-Grachev,B (2653)/Moscow 2010/CBM 135 (47)}) 7... hxg6 8. Nd2 ({White has tried to outplay his opponent in the endgame that is obtained after} 8. e4 dxe4 9. dxe4 Qxd1 10. Rxd1 {, but probably, with precise play, Black should be able to hold it.} Nbd7 11. h3 Bc5 12. Nd2 O-O-O 13. Nb3 Bb6 14. Kf1 Nc5 15. Rxd8+ Rxd8 16. Nxc5 Bxc5 17. Ke2 e5 18. Bg5 Kc7 $14 {/=. ½-½ Roiz,M (2659)-Laznicka,V (2578)/Plovdiv 2008/CBM 124 (67)}) 8... Nbd7 9. e4 dxe4 ({RR} 9... Qc7 10. Qe2 Be7 11. f4 dxe4 12. dxe4 e5 13. Nc4 O-O-O 14. Be3 Nh5 15. a4 exf4 16. Rxf4 Ne5 17. Nxe5 Qxe5 18. Rxf7 Bc5 19. Bxc5 Qxc5+ 20. Qf2 Qxf2+ 21. Rxf2 Nf6 22. e5 Ng4 23. Re2 Nxh2 24. Be4 {Karjakin,S (2775)-Jakovenko,D (2741) Moscow 2012 1-0}) ({RR} 9... Be7 10. Qe2 Qc7 11. Re1 Bc5 12. e5 Nxe5 13. Qxe5 Bxf2+ 14. Kf1 Qb6 15. Re2 Ng4 {0-1 (15) Goncalves,S (2219)-Suleymanli,S (2226) chess.com INT 2024}) 10. dxe4 $146 {White's novelty should not come as a surprise. Nakamura has some space advantage, so it makes sense to keep as many pieces as possible on the board.} ({I don't think White can get anything without a pair of knights on the board:} 10. Nxe4 Nxe4 11. Bxe4 Bd6 12. Bg2 f5 $2 (12... Nf6 $11) 13. d4 Qf6 14. c4 g5 15. Re1 O-O-O 16. Bd2 g4 17. d5 $14 {1-0 Markowski,T (2549)-Langheinrich,F (2363)/Germany 2002/CBM 093 (40)}) 10... e5 {Black has just fixed the pawn structure on the kingside, so that White's light-squared bishop will not operate along the long diagonal.} 11. Qe2 Bc5 12. Nf3 $146 ({RR} 12. Nc4 b5 13. Ne3 a6 14. c3 Bb6 15. Rd1 Qc7 16. a4 O-O 17. b4 a5 18. axb5 cxb5 19. Qxb5 Qxc3 20. Bd2 Qc7 21. bxa5 Bd4 22. Ra2 Rfb8 23. Qe2 Qb7 24. Nd5 Qb3 25. Be1 Nxd5 26. exd5 Bb2 {Harvey,M (2287)-Wadsworth,M (2221) Aberystwyth 2014 1-0 (65)}) ({RR} 12. c3 a5 13. a4 Qe7 14. Nc4 Qe6 15. Nxa5 Rxa5 16. b4 Bxf2+ 17. Qxf2 Ra8 18. h3 Qb3 19. Ra3 Qc4 20. g4 O-O 21. Re1 Rfd8 22. Bf1 Qe6 23. a5 Nf8 24. Qf3 Rd6 25. Be3 Rad8 26. Bb6 R8d7 {Brankovic,D (2277)-Kulak,D (2153) Banja Vrujci 2022 1-0 (37)}) 12... Qc7 13. h4 $1 {Emphasising the drawbacks of Black's pawn structure. White's knight is going to occupy the g5-outpost and the light-squared bishop will operate along the h3-c8 diagonal.} O-O 14. Bh3 Rfe8 15. Kg2 Nf8 16. Ng5 $14 {Nakamura has managed to get a slight advantage from the opening that seemed to be completely harmless for Black. It's not just the pair of bishops that make the difference, but rather the pawn structure on the kingside. White's knight can not be easily driven away from g5 and White has some prospects for developing an initiative on that side of the board.} Rad8 17. a3 {Covering the b4-square, from where Black would try to trade the dark-squared bishops.} Qe7 ({Maybe it was better to play the immediate} 17... N8h7 18. Bd2 Nxg5 19. Bxg5 Rd6 $14) 18. Bd2 N8h7 19. Rae1 {Preparing the f2-f4 breakthrough potentially. Note that White's rooks have nothing to do on the open d-file, because Black can't create the counterplay using it. Although Black's position is still solid and White is not threatening with anything particular harmful, it is very unpleasant to play this position for Black.} Nxg5 20. Bxg5 Qc7 $6 {This allows White to get the long-term advantage.} ({Probably, the strange looking} 20... Rd6 {was better:} 21. f4 exf4 22. e5 Qc7 $1 23. b4 Bb6 24. Bxf4 Nh5 25. Kh1 Qb8 26. Qf3 $14) 21. h5 $1 gxh5 22. Bxf6 gxf6 23. Bf5 (23. Qxh5 Kf8 $14) 23... Kf8 24. Rh1 Ke7 25. Rxh5 Rh8 26. g4 $1 Rdg8 $2 ({It was necessary to cover the c4-square:} 26... b5 27. Reh1 Rhg8 $140 28. Rh7 Qd6 $14) 27. Kf3 $1 $16 {White is going to take control over the h-file without exchanging a pair of rooks. Obviously, exchanging on h5 is out of the question for Black, since it creates a passed pawn for White.} Rd8 28. Reh1 Rhf8 29. Rh7 Qa5 $2 (29... Qd6 30. b4 Bb6 {[%cal Yd6d2]} 31. Qc4 {[%cal Yg4g5,Gh1h6]} Bxf2 32. g5 $1 (32. Kxf2 Qd2+ 33. Qe2 Qf4+ 34. Ke1 Qc1+ $11) 32... fxg5 33. R7h6 b5 (33... Qd2 34. Re6+ Kd7 35. Rxc6+ $18) 34. Rxd6 bxc4 35. Rxd8 Rxd8 36. Kxf2 Rd2+ $16 {+-}) ({It was not too late to cover the c4-square and keep some chances of survival:} 29... b5 $1 30. b4 Bb6 31. Kg2 $16 {[%cal Yc2c4]}) 30. Qc4 $18 {Now White's attack is unstoppable.} Qb5 $2 {A blunder in a lost position.} ({Black is lost anyway after} 30... Rd6 31. Bg6 Re6 32. Rd1 Qb5 33. Qa2 $18 {[%cal Yg6f5]}) 31. Qe6# 1-0

[Event "Olympiad-40"]
[Site "Istanbul"]
[Date "2012.09.09"]
[Round "11.1"]
[White "Rahman, Ziaur"]
[Black "Kurajica, Bojan"]
[Result "1-0"]
[WhiteElo "2516"]
[BlackElo "2551"]
[PlyCount "85"]
[EventDate "2012.08.28"]
[EventType "team-swiss"]
[EventRounds "11"]
[EventCountry "TUR"]
[SourceTitle "CBM 151"]
[Source "ChessBase"]
[SourceDate "2012.11.13"]
[SourceVersion "1"]
[SourceVersionDate "2012.11.13"]
[SourceQuality "1"]
[WhiteTeam "Bangladesh"]
[BlackTeam "Bosnia&Herzegovina"]
[WhiteTeamCountry "BAN"]
[BlackTeamCountry "BIH"]

1. Nf3 Nf6 2. g3 b5 3. Bg2 Bb7 4. O-O g6 5. d3 Bg7 6. e4 O-O ({RR} 6... d6 7. Nc3 b4 8. Ne2 O-O 9. h3 a5 10. g4 c5 11. Ng3 Nc6 12. Rb1 Nd7 13. Be3 a4 14. a3 bxa3 15. bxa3 Ba6 16. Qd2 c4 17. Rfd1 cxd3 18. cxd3 Nce5 19. Nxe5 Nxe5 20. Qe2 Rb8 21. Rxb8 {Gukesh,D (2725)-Carlsen,M (2859) chess.com INT 2022 0-1 (34)}) ({RR} 6... d6 7. Nbd2 O-O 8. c3 c5 9. a4 b4 10. cxb4 cxb4 11. a5 Na6 12. Re1 Rc8 13. d4 Rc7 14. Qb3 e5 15. dxe5 Nc5 16. Qxb4 Nd3 17. Qxd6 Nxe1 18. Nxe1 Ng4 19. f4 Rd7 20. Qb4 Ba6 21. Bf3 {Jeet,J (2298)-Shonazarov,O (2278) chess.com INT 2025 0-1 (35)}) 7. Na3 $146 ({RR} 7. Nbd2 d6 8. Nd4 c6 9. c3 b4 10. Ne2 a5 11. Qb3 Na6 12. d4 Nd7 13. f4 e5 14. Nc4 Qc7 15. Be3 Rab8 16. Bh3 c5 17. d5 bxc3 18. Nxc3 Bc8 19. Nb5 Rxb5 20. Qxb5 Nb4 21. Rf2 Ba6 {Habibi,A (2380)-Molnar,B (2235) Kecskemet 1992 1-0}) ({RR} 7. a4 a6 8. axb5 axb5 9. Rxa8 Bxa8 10. Na3 b4 11. Nc4 d6 12. Bd2 c5 13. Qe2 Nfd7 14. Ra1 Nc6 15. Ra2 Bb7 16. b3 Qc7 17. Qd1 Ra8 18. Qb1 Qd8 19. Ne1 Nd4 20. f4 Ne2+ 21. Kf2 Nc3 {Piesik,P (2418)-Heimann,M (2396) Chess.com INT 2020 0-1 (50)}) 7... c6 8. e5 Nd5 9. Re1 Na6 10. h4 Ndc7 11. h5 c5 12. hxg6 fxg6 13. c3 Qe8 14. Ng5 Bxg2 15. Kxg2 h6 16. Ne4 Qf7 17. f4 Rab8 18. Nc2 Qd5 19. Ne3 Qc6 20. Ng4 d5 21. Nd2 b4 22. Nf3 bxc3 23. bxc3 d4 24. c4 Ne6 25. Re4 Rb4 26. Qh1 h5 27. Nf2 Rfb8 28. Bd2 Rb2 29. Qh4 Kf8 30. Qh3 Bh6 31. Rd1 Nb4 32. Bxb4 R8xb4 33. Nh4 Ng7 34. e6 g5 35. Ng6+ Ke8 36. g4 Rxa2 37. Rf1 Rbb2 38. f5 Re2 39. Kg1 Re3 40. Rxe3 dxe3 41. Qxe3 Qc7 42. Rb1 Nxf5 43. Qf3 1-0